Sports Quiz

Random Sports or Basketball Quiz

Orlando Magic All-Time Leaders Quiz Stats

 Plays Quiz Updated May 17, 2018

Challenge
Share
Tweet
Embed
Score 0/50 Timer 06:00
11 Plays Today
Hint Answer % Correct
PointsShaquille O'Neal
96%
ReboundsShaquille O'Neal
95.9%
BlocksShaquille O'Neal
95.9%
PointsDwight Howard
93.2%
ReboundsDwight Howard
93.2%
StealsDwight Howard
93.2%
BlocksDwight Howard
93.2%
PointsAnfernee Hardaway
87.9%
ReboundsAnfernee Hardaway
87.9%
AssistsAnfernee Hardaway
87.9%
StealsAnfernee Hardaway
87.9%
BlocksAnfernee Hardaway
87.9%
PointsTracy McGrady
73.6%
ReboundsTracy McGrady
73.6%
AssistsTracy McGrady
73.6%
StealsTracy McGrady
73.6%
BlocksTracy McGrady
73.6%
PointsJameer Nelson
72.6%
ReboundsJameer Nelson
72.5%
AssistsJameer Nelson
72.5%
StealsJameer Nelson
72.5%
AssistsElfrid Payton
63.7%
PointsNick Anderson
62.5%
ReboundsNick Anderson
62.5%
AssistsNick Anderson
62.5%
Hint Answer % Correct
StealsNick Anderson
62.5%
BlocksNick Anderson
62.5%
PointsHedo Turkoglu
51.2%
ReboundsHedo Turkoglu
51.2%
AssistsHedo Turkoglu
51.2%
StealsHedo Turkoglu
51.2%
ReboundsHorace Grant
47.8%
StealsHorace Grant
47.8%
BlocksHorace Grant
47.8%
PointsDennis Scott
46.4%
AssistsDennis Scott
46.4%
StealsDennis Scott
46.4%
PointsNikola Vucevic
44.5%
ReboundsNikola Vucevic
41.7%
AssistsScott Skiles
41.7%
BlocksNikola Vucevic
27.5%
PointsDarrell Armstrong
25.4%
AssistsDarrell Armstrong
25.4%
StealsDarrell Armstrong
25.4%
ReboundsBo Outlaw
13.8%
StealsBo Outlaw
13.8%
BlocksBo Outlaw
13.8%
AssistsBrian Shaw
9.6%
BlocksTony Battie
7.4%
BlocksDarko Milicic
5.8%

You're not logged in!

Compare scores with friends on all Sporcle quizzes.
OR
Log In

You Might Also Like...

Show Comments

Extras

Top Quizzes Today


Score Distribution

Your Account Isn't Verified!

In order to create a playlist on Sporcle, you need to verify the email address you used during registration. Go to your Sporcle Settings to finish the process.

Report this User

Report this user for behavior that violates our Community Guidelines.

Details: